000 00404nam a2200157Ia 4500
008 230711s9999||||xx |||||||||||||| ||und||
041 _aENG
082 _a6.3
_bSA-N
100 _aSatish,Kumar
245 0 _aNeural networks : a classroom approach
250 _a1st Ed.
260 _c2007
_aNew Delhi
_bTata McGraw Hill Education Limited
300 _a736
650 _aComputer Engineering
942 _cBK
999 _c4684
_d4684